[Event "Challenge"]
[Site "http://www.queenalice.com/game.php?id=1204756"]
[Date "2013.8.2"]
[Round "-"]
[White "nunojota"]
[Black "Rijo"]
[Result "1-0"]
[WhiteElo "1833"]
[BlackElo "1585"]

1. Nf3 Nc6 2. e3 e5 3. d3 d5 4. Nc3 d4 5. exd4 Nxd4 6. Nxd4 Qxd4 7. Be3 Qb4 8.
Rb1 Be6 9. b3 Qxc3+ 10. Bd2 Qd4 11. Be2 Qd5 12. Bf3 Qb5 13. a4 Qa6 14. O-O O-O-O
15. Qe2 Bd6 16. b4 Qxa4 17. Ra1 Qb5 18. c4 Qd7 19. c5 e4 20. Qxe4 Qb5 21. Rxa7
Nf6 22. c6 Nxe4 23. Ra8# 1-0

[Event "AUTO-OPEN-3047"]
[Site "http://www.queenalice.com/game.php?id=1204931"]
[Date "2013.8.3"]
[Round "1"]
[White "Licaon86"]
[Black "nunojota"]
[Result "1-0"]
[WhiteElo "2233"]
[BlackElo "1951"]

1. e4 Nc6 2. d4 Nf6 3. e5 Ne4 4. f3 d5 5. fxe4 dxe4 6. Be3 e6 7. Bb5 Bd7 8. Nc3
f5 9. exf6 Qxf6 10. Nxe4 Qg6 11. Ng3 Bd6 12. Bf2 Nb4 13. Bxd7+ Kxd7 14. Nf3
Nxc2+ 15. Kf1 Nxa1 16. Qxa1 Raf8 17. Qd1 h5 18. Ne2 Qf5 19. h4 Rh6 20. Rh3 Kc8
21. Bg3 e5 22. dxe5 Bxe5 23. Bxe5 Qxe5 24. Nc3 Re6 25. Kg1 Qe3+ 26. Kh1 Qf2 27.
Qd5 Rg6 28. Ng5 Qe1+ 29. Kh2 Rf1 30. Qg8+ Kd7 31. Rd3+ Rd6 32. Rxd6+ cxd6 33.
Qe6+ Qxe6 34. Nxe6 Kxe6 35. Kg3 Ke5 36. a3 d5 37. Na4 b6 38. Nc3 d4 39. Ne2 d3
40. Nc3 d2 41. a4 1-0

[Event "AUTO-OPEN-3047"]
[Site "http://www.queenalice.com/game.php?id=1204932"]
[Date "2013.8.3"]
[Round "1"]
[White "nunojota"]
[Black "Licaon86"]
[Result "0-1"]
[WhiteElo "1956"]
[BlackElo "2229"]

1. Nf3 g6 2. e3 Bg7 3. Ng5 d6 4. Bc4 d5 5. Bb5+ c6 6. Bf1 e5 7. Nf3 Ne7 8. Ng5
O-O 9. h4 h6 10. Nf3 f5 11. c3 e4 12. Ng1 f4 13. exf4 Rxf4 14. d3 Rf8 15. dxe4
dxe4 16. Qxd8 Rxd8 17. Nd2 Bg4 18. Be2 Bxe2 19. Nxe2 e3 20. fxe3 Nd5 21. Ne4 Nd7
22. O-O Ne5 23. Nc5 b6 24. Ne6 Re8 25. N2d4 c5 26. e4 cxd4 27. exd5 dxc3 28.
bxc3 Rac8 29. Bd2 Nc4 30. Nxg7 Kxg7 31. Bf4 Rcd8 32. Rad1 Ne3 33. Bxe3 Rxe3 34.
c4 Re4 35. Rde1 Rxc4 36. Re7+ Kg8 37. Rff7 Rxh4 38. Rg7+ Kf8 39. Ref7+ Ke8 40.
Rxa7 Kf8 41. Raf7+ Ke8 0-1

[Event "AUTO-OPEN-3047"]
[Site "http://www.queenalice.com/game.php?id=1204961"]
[Date "2013.8.3"]
[Round "1"]
[White "nunojota"]
[Black "VitorPeri"]
[Result "1-0"]
[WhiteElo "1989"]
[BlackElo "1759"]

1. Nf3 b6 2. Nc3 Bb7 3. e3 Nf6 4. Bc4 e6 5. d4 c5 6. Bb5 a6 7. Be2 Nc6 8. Ng5
cxd4 9. exd4 Bb4 10. Bd2 Nxd4 11. f3 Rc8 12. Nge4 Nxe4 13. fxe4 Qh4+ 14. g3 Qf6
15. a3 Bxc3 16. Bxc3 Rxc3 17. bxc3 Nxe2 18. Kxe2 Bxe4 19. Rf1 Qe5 20. Qd4 Qxd4
21. cxd4 O-O 22. c4 Rc8 23. Rfc1 f5 24. a4 a5 25. Ra3 d5 26. c5 Kf8 27. c6 Ke7
28. Rb3 Kd6 29. Rxb6 e5 30. c7+ Kd7 31. dxe5 Rxc7 32. e6+ Kd8 33. Rb8+ Ke7 34.
Rxc7+ Kxe6 35. Rb6+ Ke5 36. Ke3 d4+ 37. Kd2 g5 38. Rc5+ Bd5 39. Rbb5 1-0

[Event "AUTO-OPEN-3047"]
[Site "http://www.queenalice.com/game.php?id=1204962"]
[Date "2013.8.3"]
[Round "1"]
[White "VitorPeri"]
[Black "nunojota"]
[Result "0-1"]
[WhiteElo "1773"]
[BlackElo "1500"]

1. e4 Nc6 2. Bc4 e6 3. d4 Qe7 4. Nf3 Qb4+ 5. Nfd2 Nxd4 6. c3 Qa5 7. cxd4 b5 8.
Be2 Bb7 9. O-O Qb4 10. Nf3 Bxe4 11. Nc3 Bc6 12. a3 Qe7 13. Bxb5 Qf6 14. Ne5 a6
15. Nxc6 axb5 16. Nxb5 Bd6 17. Nxd6+ cxd6 18. Qa4 Rxa4 19. Nb4 Qxd4 20. Ra2 Qxb4
21. axb4 Rxa2 22. Rd1 Nf6 23. Rxd6 Nd5 24. b5 Ra1 25. g3 Rxc1+ 26. Kg2 Ke7 0-1

[Event "AUTO-OPEN-3047"]
[Site "http://www.queenalice.com/game.php?id=1204963"]
[Date "2013.8.3"]
[Round "1"]
[White "nunojota"]
[Black "BBOM"]
[Result "1-0"]
[WhiteElo "1811"]
[BlackElo "1566"]

1. Nf3 d5 2. e3 a6 3. Nc3 Nf6 4. d3 Bg4 5. Be2 Bxf3 6. Bxf3 e6 7. e4 d4 8. Nb1
e5 9. Bg5 Bb4+ 10. Bd2 Bxd2+ 11. Nxd2 O-O 12. c3 c5 13. cxd4 Qxd4 14. Qb3 b5 15.
Qc2 Rc8 16. O-O Nc6 17. Nb3 Qd6 18. Qxc5 Qxd3 19. Rfd1 Qc4 20. Rac1 Qxc5 21.
Rxc5 Nb4 22. Rxe5 Nxa2 23. Re7 Rc2 24. e5 Ne8 25. Bxa8 Kf8 26. Rdd7 a5 27. Rxf7+
Kg8 28. Bd5 a4 29. Rf6+ Kh8 30. Rf8# 1-0

[Event "AUTO-OPEN-3047"]
[Site "http://www.queenalice.com/game.php?id=1204964"]
[Date "2013.8.3"]
[Round "1"]
[White "BBOM"]
[Black "nunojota"]
[Result "0-1"]
[WhiteElo "1566"]
[BlackElo "1780"]

1. e4 Nc6 2. d4 e6 3. d5 Bb4+ 4. c3 Bd6 5. dxc6 bxc6 6. Nf3 f6 7. Bd3 f5 8. Bg5
Be7 9. Bxe7 Qxe7 10. O-O d5 11. exd5 cxd5 12. Bb5+ Bd7 13. Bxd7+ Qxd7 14. Ne5
Qe7 15. Qh5+ g6 16. Nxg6 Qf7 17. Re1 Nf6 18. Qf3 hxg6 19. Na3 Qe7 20. c4 Ne4 21.
cxd5 exd5 22. Nb5 Rb8 23. Nxa7 Rxb2 24. Qd1 Qc5 25. Qa4+ Kf7 26. Rf1 Rxf2 27.
Qd7+ Kf8 28. Rxf2 Qxf2+ 29. Kh1 Ng3# 0-1

[Event "AUTO-OPEN-3048"]
[Site "http://www.queenalice.com/game.php?id=1205288"]
[Date "2013.8.5"]
[Round "1"]
[White "nunojota"]
[Black "JailtonCruz"]
[Result "1-0"]
[WhiteElo "2001"]
[BlackElo "1946"]

1. e3 Nf6 2. Nf3 g6 3. Bc4 Bg7 4. Ng5 d5 5. Bb5+ c6 6. Bf1 e5 7. g3 O-O 8. d3
Nbd7 9. Be2 Ne8 10. e4 h6 11. Nf3 f5 12. exf5 Rxf5 13. c4 d4 14. Nbd2 a5 15. Ne4
Rf7 16. g4 Nef6 17. Nd6 Rf8 18. Rg1 Nc5 19. Nxc8 Rxc8 20. Nxe5 Qe8 21. f4 g5 22.
Nf3 gxf4 23. g5 Qg6 24. Nh4 1-0

[Event "AUTO-OPEN-3048"]
[Site "http://www.queenalice.com/game.php?id=1205311"]
[Date "2013.8.5"]
[Round "1"]
[White "nunojota"]
[Black "leeroy"]
[Result "0-1"]
[WhiteElo "2015"]
[BlackElo "2174"]

1. e3 e5 2. Nf3 d6 3. Nc3 Bg4 4. Be2 Nf6 5. h3 Bh5 6. d3 c6 7. g4 Bg6 8. d4 e4
9. Ng5 h6 10. Ngxe4 Nxe4 11. Nxe4 Bxe4 12. f3 Bd5 13. e4 Be6 14. Be3 Be7 15. c4
Bh4+ 16. Kf1 Na6 17. Qb3 b6 18. d5 Bd7 19. Qa3 Nc5 20. b4 Nb7 21. dxc6 Bxc6 22.
Rd1 Qf6 23. b5 Bxe4 24. Bd4 Qf4 25. Be3 Qe5 26. Bd4 Qf4 27. Be3 Qf6 28. Bd4 Qg6
29. fxe4 O-O 30. Bf3 Na5 31. Qc3 Rac8 0-1

[Event "AUTO-OPEN-3048"]
[Site "http://www.queenalice.com/game.php?id=1205312"]
[Date "2013.8.5"]
[Round "1"]
[White "leeroy"]
[Black "nunojota"]
[Result "1-0"]
[WhiteElo "2166"]
[BlackElo "2031"]

1. d4 e6 2. e4 Bb4+ 3. Bd2 Bf8 4. Nf3 c5 5. c3 Qb6 6. b3 Nf6 7. Bd3 cxd4 8. cxd4
d5 9. e5 Ne4 10. Be3 Bb4+ 11. Nbd2 Nc6 12. O-O f5 13. Nb1 O-O 14. a3 Be7 15. b4
Bd7 16. b5 Na5 17. a4 a6 18. bxa6 bxa6 19. Bxe4 fxe4 20. Nfd2 Qb2 21. Nc3 Qxc3
22. Rc1 Qb4 23. Rc7 Rad8 24. Qg4 Qxa4 25. Bh6 Rf7 26. Nb1 Qxd4 27. Bf4 1-0

[Event "AUTO-OPEN-3049"]
[Site "http://www.queenalice.com/game.php?id=1205749"]
[Date "2013.8.6"]
[Round "1"]
[White "vindaloo"]
[Black "nunojota"]
[Result "0-1"]
[WhiteElo "1725"]
[BlackElo "1958"]

1. e4 e6 2. d4 d5 3. exd5 exd5 4. Nf3 Bb4+ 5. Bd2 Qe7+ 6. Be2 Nc6 7. O-O Nf6 8.
Bb5 O-O 9. c3 Bd6 10. a3 Ne4 11. Be3 f5 12. Ba4 f4 13. Bc1 Ng5 14. Nbd2 Bg4 15.
h3 Bh5 16. Re1 Nxf3+ 17. Nxf3 Bxf3 18. gxf3 Qh4 19. Kg2 Rf6 20. Rh1 Rg6+ 21. Kf1
Qg5 22. Ke2 Qg2 23. Bc2 Rg3 24. Qf1 Qxf3+ 25. Ke1 Re8+ 26. Kd2 Rg2 0-1

[Event "AUTO-OPEN-3049"]
[Site "http://www.queenalice.com/game.php?id=1205750"]
[Date "2013.8.6"]
[Round "1"]
[White "nunojota"]
[Black "vindaloo"]
[Result "1-0"]
[WhiteElo "2024"]
[BlackElo "1737"]

1. e3 c5 2. Qf3 Nc6 3. Nh3 d5 4. Ng5 Nf6 5. Bb5 Bd7 6. Nc3 e6 7. Qg3 a6 8. Be2
h6 9. Nf3 g6 10. d3 Bg7 11. O-O O-O 12. Qd6 b6 13. a3 Re8 14. Bd2 Bf8 15. Qg3
Nh5 16. Qh4 Be7 17. Qh3 e5 18. g4 Kh7 19. Nxd5 Ng7 20. Qg3 Bd6 21. g5 h5 22.
Nf6+ Kh8 23. Nxe8 Bxe8 24. Qg2 Nb8 25. Bc3 Nd7 26. Nd2 Bc7 27. Bf3 Rb8 28. Bd5
Nf5 29. Ne4 f6 30. Rae1 Kg7 31. f4 Bf7 32. gxf6+ Nxf6 33. Nxf6 Qxf6 34. fxe5
Bxe5 35. Bxe5 Qxe5 36. Bxf7 Kxf7 37. e4 1-0

[Event "AUTO-OPEN-3049"]
[Site "http://www.queenalice.com/game.php?id=1205769"]
[Date "2013.8.6"]
[Round "1"]
[White "nic92n"]
[Black "nunojota"]
[Result "0-1"]
[WhiteElo "1784"]
[BlackElo "1972"]

1. Nf3 e6 2. e4 Nf6 3. d3 Bb4+ 4. Nbd2 Nc6 5. g3 d5 6. e5 Ng4 7. Qe2 d4 8. Bg2
f6 9. O-O Ngxe5 10. Nxe5 Nxe5 11. Nc4 Nxc4 12. dxc4 O-O 13. b3 e5 14. Bb2 c5 15.
Be4 Ba5 16. Qh5 f5 17. Bd5+ Kh8 18. Bc1 Qb6 19. Bg5 Be6 20. Be7 Rfc8 21. Bg2 Bc3
22. Rad1 Qa6 23. a4 Rc7 24. Bg5 Bf7 25. Qf3 Qg6 26. h4 Re8 27. Bh3 Be6 28. g4
fxg4 29. Bxg4 Rf7 30. Qe2 Bxg4 31. Qxg4 h6 0-1

[Event "AUTO-OPEN-3049"]
[Site "http://www.queenalice.com/game.php?id=1205770"]
[Date "2013.8.6"]
[Round "1"]
[White "nunojota"]
[Black "nic92n"]
[Result "1-0"]
[WhiteElo "1668"]
[BlackElo "1827"]

1. e3 d5 2. Nf3 Nf6 3. Bb5+ c6 4. Bf1 Nbd7 5. d4 e6 6. Ne5 Bd6 7. f4 Ne4 8. Qf3
O-O 9. Bd3 f5 10. O-O Rf6 11. Nd2 Rh6 12. Qd1 Ng3 13. hxg3 Nf6 14. Ndf3 Qe8 15.
Ng5 Bxe5 16. fxe5 Ng4 17. Be2 Rg6 18. e4 Qe7 19. Bxg4 fxg4 20. Nf7 Bd7 21. Nd6
b5 22. Rf7 Qd8 23. Qf1 a5 24. Bd2 b4 25. Qf2 1-0

[Event "AUTO-OPEN-3049"]
[Site "http://www.queenalice.com/game.php?id=1205779"]
[Date "2013.8.6"]
[Round "1"]
[White "goldenboy"]
[Black "nunojota"]
[Result "0-1"]
[WhiteElo "2037"]
[BlackElo "1852"]

1. e4 e6 2. d4 d5 3. exd5 Qxd5 4. c4 Qa5+ 5. Bd2 Qb6 6. Bc3 c5 7. Nf3 Nf6 8. Bd3
Nc6 9. dxc5 Bxc5 10. O-O O-O 11. Nbd2 Rd8 12. Qc2 Nb4 13. Bxb4 Bxb4 14. Ne4 Nxe4
15. Bxe4 f5 16. Bd3 Bc5 17. a3 a5 18. Rad1 Bd7 19. Ne5 Be8 20. Kh1 Bd4 21. Nf3
Bh5 22. Rb1 Bxf3 23. gxf3 a4 24. b3 Qd6 25. bxa4 Ba7 26. Rfd1 Bb8 27. Rxb7 Qxh2#
0-1

[Event "AUTO-OPEN-3049"]
[Site "http://www.queenalice.com/game.php?id=1205780"]
[Date "2013.8.6"]
[Round "1"]
[White "nunojota"]
[Black "goldenboy"]
[Result "1-0"]
[WhiteElo "1911"]
[BlackElo "2037"]

1. e3 e5 2. Nf3 e4 3. Ng1 d5 4. d4 c5 5. Bb5+ Nc6 6. dxc5 Bxc5 7. Ne2 Bg4 8. h3
Bxe2 9. Bxe2 Nf6 10. Nc3 O-O 11. O-O d4 12. exd4 Bxd4 13. Nb5 Bb6 14. Bf4 Nd5
15. Bd6 Nde7 16. Bc4 a6 17. Nc3 e3 18. fxe3 Bxe3+ 19. Kh1 Bd4 20. Ne4 Bxb2 21.
Rb1 Be5 22. Rxb7 Bxd6 23. Nxd6 Ne5 24. Bb3 a5 25. Nxf7 Qxd1 26. Rxd1 Nxf7 27.
Rxe7 a4 28. Be6 Rab8 29. Rf1 1-0